| 000 | 00546nam a2200181 i 4500 | ||
|---|---|---|---|
| 001 | 90106 | ||
| 003 | ES-MaACL | ||
| 005 | 20230906180341.0 | ||
| 007 | t| | ||
| 008 | 050118s1973 ag ||||1| spa d | ||
| 100 | 1 |
_aLefebvre, Henri. _971225 |
|
| 245 | 1 | 0 |
_aEstructuralismo y política / _cHenri Lefebvre ; [traducción de Luis Alberto Cruz]. |
| 260 |
_aBuenos Aires : _bLa Pleyade, _c[1973] |
||
| 300 |
_a246 p. ; _c20 cm. |
||
| 650 | 0 | 4 |
_aEstructuralismo. _912567 |
| 700 | 1 |
_aCruz, Luis Alberto. _941799 |
|
| 852 |
_aES-MaACL _jE-8191 _bR.92614 |
||
| 999 |
_c90106 _d90106 |
||